Southville International School and Colleges
Your cart is empty.
  • Cart
  • Lists
    Public lists Eva Luna New books Lux_list list_1
    Your lists Log in to create your own lists
  • Log in to your account
  • Your cookies
  • Search history
Southville International School and Colleges
  • Advanced search
  • Recent comments
  • Most popular
  • Libraries

Log in to your account

Log in with GOOGLE


If you do not have an external account, but do have a local account, you can still log in:

  1. Home
  2. MARC view: Finding friends
Normal view MARC view ISBD view

Finding friends (Record no. 11829)

[ view plain ]
MARC details
000 -LEADER
fixed length control field 00588nam a22002057a 4500
003 - CONTROL NUMBER IDENTIFIER
control field PILC
005 - DATE AND TIME OF LATEST TRANSACTION
control field 20151021091117.0
008 - FIXED-LENGTH DATA ELEMENTS--GENERAL INFORMATION
fixed length control field 130920t xxu||||| |||| 00| 0 eng d
020 ## - INTERNATIONAL STANDARD BOOK NUMBER
International Standard Book Number 9780076027156
050 ## - LIBRARY OF CONGRESS CALL NUMBER
Classification number PE 1128
Item number .Ad211f 2005
082 ## - DEWEY DECIMAL CLASSIFICATION NUMBER
Classification number GS 372.4
Item number Ad1 2005
100 ## - MAIN ENTRY--PERSONAL NAME
Personal name Adams, Marilyn Jager
9 (RLIN) 21156
245 ## - TITLE STATEMENT
Title Finding friends
Statement of responsibility, etc Marilyn Jager Adams, et. al.
Remainder of title Open Court Reading
260 ## - PUBLICATION, DISTRIBUTION, ETC. (IMPRINT)
Place of publication, distribution, etc Ohio :
Name of publisher, distributor, etc SRA,
Date of publication, distribution, etc 2005.
300 ## - PHYSICAL DESCRIPTION
Extent 62 p. :
Other physical details ill. col. ;
Dimensions 26 cm.
440 ## - SERIES STATEMENT/ADDED ENTRY--TITLE
Title Open court reading
9 (RLIN) 21157
650 ## - SUBJECT ADDED ENTRY--TOPICAL TERM
Topical term or geographic name as entry element Reading.
9 (RLIN) 902
942 ## - ADDED ENTRY ELEMENTS (KOHA)
Source of classification or shelving scheme Library of Congress Classification
Koha item type Books
Holdings
Withdrawn status Lost status Source of classification or shelving scheme Damaged status Home library Current library Shelving location Date acquired Total Checkouts Full call number Barcode Date last seen Copy number Price effective from Koha item type
    Library of Congress Classification   Luxembourg Library Luxembourg Library Grade School Section 09/20/2013   PE 1128 .Ad211f 2005 17031 09/20/2013 1 09/20/2013 Books

Finding friends

APA

Adams M. J., . (2005). Finding friends. Ohio: SRA.

Chicago

Adams Marilyn Jager, . 2005. Finding friends. Ohio: SRA.

Harvard

Adams M. J., . (2005). Finding friends. Ohio: SRA.

MLA

Adams Marilyn Jager, . Finding friends. Ohio: SRA. 2005.

  • Place hold
  • Print
  • Cite
  • Add to your cart (remove)
  • Save record
    BIBTEX Dublin Core MARCXML MARC (non-Unicode/MARC-8) MARC (Unicode/UTF-8) MARC (Unicode/UTF-8, Standard) MODS (XML) RIS
  • More searches
    Search for this title in:
    Other Libraries (WorldCat) Other Databases (Google Scholar) Online Stores (Bookfinder.com) Open Library (openlibrary.org)

Exporting to Dublin Core...

SOUTHVILLE LIBRARY

Southville International School and Colleges Library

1281 Tropical Ave. Cor. Luxembourg St., BF Homes International, Las Pinas City

Tel. No. 8256374 / 252358 Loc. 117/146

Powered by Koha